| 000 | 01101nam a2200265 a 4500 | ||
|---|---|---|---|
| 001 | 000005400 | ||
| 005 | 20200929151651.0 | ||
| 008 | 090819s1982 sp a 001 0 spa d | ||
| 020 | _a8400050673 | ||
| 040 |
_aDO-SdBNP _bspa _cBNPHU |
||
| 082 |
_a595.77 _bE56t |
||
| 100 | 1 |
_aEncinas Grandes, Antonio _915325 |
|
| 245 | 1 | 0 |
_aTaxonomía y biología de los mosquitos del área salmantina : _b(díptera, culicidae) / _cAntonio Encimas Grandes. |
| 260 |
_aSalamanca, Madrid : _bCSIC : Ediciones Universidad de Salamanca, _c1982. |
||
| 300 |
_a437 p. : _bil., gráfcs., mapas ; _c25 cm. |
||
| 504 | _aIncluye bibliografía y notas al pie de páginas. | ||
| 504 | _aIncluye bibliografía: p.401-417. | ||
| 650 | 4 |
_aDípteros _xInvestigaciones _zEspaña _915326 |
|
| 650 | 4 |
_aInsectos vectores _zEspaña _915327 |
|
| 650 | 4 |
_aMosquitos _xInvestigaciones _zEspaña _915328 |
|
| 650 | 4 |
_aEntomología veterinaria _915329 |
|
| 710 | 1 |
_aConsejo Superior de Investigaciones Científicas (España). _bCentro de Edafología y Biología Aplicada _915330 |
|
| 910 | _aValidado. Control de calidad EMS | ||
| 049 | _aBNPD | ||
| 999 |
_c5200 _d5200 |
||